000 00315nam a22001457a 4500
008 230524b ||||| |||| 00| 0 eng d
020 _a9782080704627
041 _aFRA
080 _a82
082 _a82PAT
100 _a38
101 _aGJL
245 _aLA FARCE DE MAITRE
_cPIERRE PATHELIN
942 _2udc
_cBK
999 _c59841
_d59841